L'Ensenyament : seminari d'història de l'ensenyament i "Rosa Sensat". seminari d'història de l'ensenyament i "Rosa Sensat".
ISBN:
84857090403
Descripción Física:
128 p. ; 19 cm.
Materias:
Ensenyament -- Catalunya -- Història.
Idioma:
Catalán
MARC
| LEADER | 00000nam a2200000 a 4500 | ||
|---|---|---|---|
| 001 | 24954 | ||
| 005 | 20260324180721.0 | ||
| 008 | 990616s1985 spc 000 0 cat|c | ||
| 020 | |a 84857090403 | ||
| 035 | |a (ES-BaCBU)b66793816-34csuc_network | ||
| 035 | |a (ES-BaCBU).b66793816 | ||
| 035 | |a (ccuc001)b66793816 | ||
| 040 | |a ES-BaCBU |b cat |c ES-BaCBU | ||
| 245 | 0 | 2 | |a L'Ensenyament : |b seminari d'història de l'ensenyament i "Rosa Sensat". |
| 260 | |a Barcelona : |b La Llar del Llibre, |c 1985. | ||
| 300 | |a 128 p. ; |c 19 cm. | ||
| 490 | 1 | |a Els Llibres de la frontera | |
| 490 | 1 | |a Coneguem Catalunya ; |v 8 | |
| 504 | |a Bibliografia. | ||
| 650 | 7 | |a Ensenyament |z Catalunya |x Història. |2 lemac | |
| 830 | 4 | |a Els Llibres de la frontera | |
| 830 | 0 | |a Coneguem Catalunya ; |v 8 | |
| 907 | |a .b66793816 |b 23-01-21 |c 04-05-16 |d 04-05-16 |e m |f a |g - |h cat |i spc |j 2 |k 1 | ||
| 908 | |a GCDSO | ||
| 942 | |2 udc |c ARXIU |n 1 | ||
| 952 | |0 0 |1 0 |4 0 |6 BIB291 |7 1 |9 60771 |a Arxiu |b Arxiu |d 2021-11-08 |l 0 |o Bib-291 |p 24954 |r 2021-11-08 00:00:00 |w 2021-11-08 |y ARXIU | ||
| 999 | |c 80904 |d 80904 | ||